| 000 | 00000nas##2200000za#4500 |
| 001 | 9.509278 |
| 003 | CaOODSP |
| 005 | 20200331210957 |
| 007 | ta |
| 008 | 150406c1994||||xxc|| m #||||f| |0eng|d |
| 040 | |aCaOODSP|beng |
| 041 | |aeng |
| 041 | |afre |
| 043 | |an-cn--- |
| 086 | 1 |aEn49-2 |
| 110 | 1 |aCanada. |bEnvironment Canada. |bEnvironmental Protection Service. |
| 245 | 10|aReport |
| 246 | 3 |aReport (Canada. Environment Canada) |
| 260 | |aOttawa - Ontario : |bEnvironment Canada. |
| 310 | |aIrregular |
| 362 | 1 |aReport EPS/7/AP/ |
| 500 | |aCanadian cataloguing in publication data printed in these publications. |
| 500 | |aAlso published separately in English and French (Cat. nos. En49-2E, En49-2F). |
| 776 | 0#|tRapport |w(CaOODSP)9.500160 |
| 792 | |tRapport |efre|w(CaOODSP)9.509279 |